000 00300cam a22001097a 4500
008 180718b-- xxu||||| |||| 00| 0 eng d
082 _aA45:U61 RT/Delhi
100 _aDelhi Transport Corporation
245 _aAnnual report
260 _aNew Delhi
_bThe author
_c--
500 _aLibrary has 2001/02-2003/04
999 _c502510
_d502510